000 00282nam a2200121Ia 4500
100 _aRamo Simon
942 _cBK
654 _aElectronics
245 _aFields and Waves in Communications Electronics
260 _bJohn Wiley
_aNew York
_c1984
546 _aENGLISH
999 _c32995
_d32995